000 00650cam a22002172 4500
001 0000019422
005 20151217152154.0
008 101115s xx 000 0 eng d
020 _a1847034458 :
040 _aKABU
_cKABU
100 1 _aBix, Brian H.
_@0000179203
245 1 0 _aJurisprudence :
_btheory and context /
_cBrian H. Bix.
250 _a5th ed.
260 _aLondon :
_bSweet & Maxwell,
_c2009.
300 _axx, 335 p.
650 0 _aJurisprudence.
_@0000153282
852 1 _9p2990 KES
852 1 _9p2990 KES
908 _a101115
950 _@1
999 _c8957
_d8957